000 00934nam a2200301 i 4500
001 106285
003 ES-MaACL
005 20230906184115.0
007 t|
008 061020s1987 sp ||||0| spa d ..|
015 _a1989-AGO-15353\
_a1989-ENE-1989-DIC-9603
016 7 _zSAB9000058410
017 _aM 14233-1987
020 _a84-86152-27-5
040 _aM-BN-DP
_bspa
_cM-BN-DP
080 _a616.5(075.8)
245 0 0 _aDermatología /
_cdirector coordinador, Pablo Lázaro Ochaita ; [colaboradores, Celso Bueno Marco... (et al.)].
260 _aMadrid :
_bLuzán 5,
_c[1987]
300 _a2 v. (624 p.) :
_bil. col. y n ;
_c24 cm.
490 1 _aPregrado
504 _aBibliografía.
650 0 4 _aDermatología.
_911784
700 1 _aBueno Marco, Celso.
_932402
700 1 _aLázaro Ochaita, Pablo.
_970805
830 0 _aPregrado
_9178352
852 _aES-MaACL
_jG-10800-1
_bR.114942
999 _c106285
_d106285